| 000 | 00674nam a22002295i 4500 | ||
|---|---|---|---|
| 999 |
_c27169 _d27141 |
||
| 003 | OSt | ||
| 005 | 20201124142325.0 | ||
| 008 | 190214s2005 |||fr|||| 000 0 eng d | ||
| 040 |
_aEG-ScBUE _beng _cEG-ScBUE |
||
| 082 | 0 | 4 |
_222 _a808.0663402 _bELD |
| 100 | 1 | _aHossam Eldin, Mohamed. | |
| 245 | 1 | 0 |
_aFundamentals of legal writing / _cMohamed Hossam Eldin |
| 250 | _aFirst ed. | ||
| 264 | 1 |
_aCairo, Egypt : _bMusic design, _cc.2005. |
|
| 300 |
_a372 pages ; _c24 cm. |
||
| 336 |
_2rdacontent _atxt |
||
| 337 |
_2rdamedia _aunmediated |
||
| 338 |
_2rdacarrier _avolume |
||
| 650 | 7 |
_2BUEsh _940396 _aLegal composition. |
|
| 653 |
_bLLAAWW _cFebruary2019 |
||
| 942 |
_2ddc _cBB |
||